Autonomía y autoridad en la familia
Saved in:
| Main Author: | |
|---|---|
| Format: | Book |
| Language: | Spanish |
| Published: |
Pamplona
Universidad de Navarra
1974
|
| Edition: | 2a. ed |
| Series: | Orientación familiar
|
| Subjects: | |
| Tags: |
Add Tag
No Tags, Be the first to tag this record!
|
MARC
| LEADER | 00000nam a2200000 a 4500 | ||
|---|---|---|---|
| 001 | UCY7975 | ||
| 003 | CL-VaPUC | ||
| 008 | 950623e19740000SP |||||||||||||||||spa|d | ||
| 082 | 0 | 4 | |a 306.87 |b OTE |2 21 |
| 100 | |a Otero, Oliveros F. |e autor |9 595801 | ||
| 245 | 1 | 0 | |a Autonomía y autoridad en la familia |
| 250 | |a 2a. ed | ||
| 300 | |a 138 p | ||
| 942 | |c BK | ||
| 945 | |d 19950623 00:00:00 |a mfernand | ||
| 260 | |a Pamplona |b Universidad de Navarra |c 1974 | ||
| 650 | 0 | |a Autoridad |9 257105 | |
| 650 | 0 | |a Responsabilidad moral |9 311092 | |
| 650 | 0 | |a Virtud y vicio |9 310637 | |
| 650 | 7 | |a PADRES PROGENITORES |2 CL-VaPUC |9 338981 | |
| 650 | 7 | |a RESPONSABILIDAD DE LOS PADRES |2 CL-VaPUC |9 338989 | |
| 650 | 7 | |a ROL DE LOS PADRES |2 CL-VaPUC |9 338980 | |
| 650 | 7 | |a ROLES DENTRO DE LA FAMILIA |2 CL-VaPUC |9 338181 | |
| 650 | 0 | |a Familias |9 255641 | |
| 583 | |a last modification |c 19950623 00:00:00 |k Rodrigo Vera | ||
| 490 | 0 | |a Orientación familiar | |
| 999 | |c 235266 |d 235264 | ||
| 952 | |0 0 |1 0 |4 0 |6 306_870000000000000_OTE_1974 |7 0 |8 P |9 242566 |a BIBEDU |b BIBEDU |c BIBEDU_PB |d 2019-11-18 |i 1523627 |o 306.87 OTE 1974 |p 1523627 |r 2024-01-25 |w 2019-11-18 |y BK |k EDU | ||
| 952 | |0 0 |1 0 |4 0 |6 306_870000000000000_OTE_1974 |7 0 |8 P |9 242567 |a BIBEDU |b BIBEDU |c BIBEDU_PB |d 2019-11-18 |i 1523635 |o 306.87 OTE 1974 |p 1523635 |r 2024-01-25 |w 2019-11-18 |y BK |k EDU | ||